LEADER 00965nam0-2200313 --450 001 9910257854403321 005 20180301102549.0 010 $a978-88-918-0287-3 020 $aIT$b2015-4978 100 $a20180301d2015----kmuy0itay5050 ba 101 0 $aita 102 $aIT 105 $aa 001yy 200 1 $aEnciclopedia delle arti contemporanee$eI portatori del tempo$fa cura di Achille Bonito Oliva$gintroduzione di Giulio Giorello 210 $aMilano$cElecta$d2015 215 $a394 p.$cill.$d26 cm 327 1 $a2.: Il tempo inclinato 610 0 $aArte$aSec. 20.-21. 676 $a700.904$v23$zita 702 1$aBonito Oliva,$bAchille 702 1$aGiorello,$bGiulio 801 0$aIT$bUNINA$gREICAT$2UNIMARC 901 $aBK 912 $a9910257854403321 952 $aXXX Cod. 1067$b1723/2017*$fFSPBC 952 $aXXX Cod. 1068$b1673/2017**$fFSPBC 959 $aFSPBC 996 $aEnciclopedia delle arti contemporanee$9249359 997 $aUNINA LEADER 01128nam--2200349---450- 001 990002001820203316 005 20051109115543.0 035 $a000200182 035 $aUSA01000200182 035 $a(ALEPH)000200182USA01 035 $a000200182 100 $a20040913d1975----km-y0itay0103----ba 101 0 $aita 102 $aIT 105 $a||||||||001yy 200 1 $aCommento storico al quinto libro delle Storie di Erodoto$eintroduzione, commento storico, note complementari, testo, traduzione e indici$fBiagio Virgilio 210 $aPisa$cGiardini$d1975 215 $a305 p.$cill.$d25 cm. 225 2 $aBiblioteca degli studi classici e orientali$v4 410 0$12001$aBiblioteca degli studi classici e orientali$v4 454 1$12001 461 1$1001-------$12001 700 1$aVIRGILIO,$bBiagio$0171152 801 0$aIT$bsalbc$gISBD 912 $a990002001820203316 951 $aV.1.A. 417(VIII C coll. 109/4)$b73913 L.M.$cVIII C 959 $aBK 969 $aUMA 979 $aSIAV8$b10$c20040913$lUSA01$h1046 979 $aCOPAT6$b90$c20051109$lUSA01$h1155 996 $aHistoriae$926663 997 $aUNISA LEADER 02217oam 2200553 450 001 9910715966703321 005 20210406090028.0 035 $a(CKB)5470000002516426 035 $a(OCoLC)1091604162 035 $a(OCoLC)995470000002516426 035 $a(EXLCZ)995470000002516426 100 $a20190404d1992 ua 0 101 0 $aeng 135 $aurbn||||||||| 181 $ctxt$2rdacontent 182 $cc$2rdamedia 183 $acr$2rdacarrier 200 10$aDevelopment of thermal models for Hungry Horse Reservoir and Lake Koocanusa, northwestern Montana and British Columbia /$fby Rodger F. Ferreira, D. Briane Adams, and Robert E. Davis ; prepared in cooperation with the Montana Department of Fish, Wildlife and Parks 210 1$aHelena, Montana :$cU.S. Geological Survey,$d1992. 215 $a1 online resource (iv, 86 pages) $cillustrations, maps 225 1 $aWater-resources information report ;$v91-4134 300 $a"February 1992." 320 $aIncludes bibliographical references (pages 28-29). 606 $aWater temperature$zKoocanusa, Lake (B.C. and Mont.) 606 $aFishes$xEffect of temperature on 606 $aWater temperature$xMathematical models 606 $aFishes$xEffect of temperature on$2fast 606 $aWater temperature$2fast 606 $aWater temperature$xMathematical models$2fast 607 $aNorth America$zLake Koocanusa$2fast 615 0$aWater temperature 615 0$aFishes$xEffect of temperature on. 615 0$aWater temperature$xMathematical models. 615 7$aFishes$xEffect of temperature on. 615 7$aWater temperature. 615 7$aWater temperature$xMathematical models. 700 $aFerreira$b Rodger F.$01390601 702 $aAdams$b D. Briane 702 $aDavis$b Robert E$c(Hydrologist), 712 02$aGeological Survey (U.S.), 712 02$aMontana.$bDepartment of Fish, Wildlife, and Parks. 801 0$bOCLCE 801 1$bOCLCE 801 2$bOCLCQ 801 2$bGPO 906 $aBOOK 912 $a9910715966703321 996 $aDevelopment of thermal models for Hungry Horse Reservoir and Lake Koocanusa, northwestern Montana and British Columbia$93443544 997 $aUNINA